CON-fidence. (Record no. 114257)
[ view plain ]
| 000 -LEADER | |
|---|---|
| fixed length control field | 00377nam a2200157 a 4500 |
| 005 - DATE AND TIME OF LATEST TRANSACTION | |
| control field | 20140414132054.0 |
| 008 - FIXED-LENGTH DATA ELEMENTS--GENERAL INFORMATION | |
| fixed length control field | 110714s19uu xx 00 eng d |
| 020 ## - INTERNATIONAL STANDARD BOOK NUMBER | |
| International Standard Book Number | 043957949x |
| 050 ## - LIBRARY OF CONGRESS CALL NUMBER | |
| Classification number | FIC |
| Item number | St8 2002 |
| 100 ## - MAIN ENTRY--PERSONAL NAME | |
| Personal name | Strasser, Todd |
| 245 ## - TITLE STATEMENT | |
| Title | CON-fidence. |
| 260 ## - PUBLICATION, DISTRIBUTION, ETC. (IMPRINT) | |
| Place of publication, distribution, etc | New York : |
| Name of publisher, distributor, etc | Scholastic, Inc, |
| Date of publication, distribution, etc | 2002. |
| 300 ## - PHYSICAL DESCRIPTION | |
| Extent | 154 |
| 440 ## - SERIES STATEMENT/ADDED ENTRY--TITLE | |
| Title | Nancy Drew |
| Withdrawn status | Lost status | Damaged status | Home library | Current library | Shelving location | Date acquired | Source of acquisition | Total Checkouts | Full call number | Barcode | Date last seen | Price effective from | Koha item type |
|---|---|---|---|---|---|---|---|---|---|---|---|---|---|
| Munich Library | Munich Library | Fiction Section | 07/14/2011 | FIC St8 2002 | M6033 | 04/14/2014 | 04/14/2014 | Books |